Les Plaidoyers civils de Démosthène (Registro nro. 309474)
[ vista simple ]
| 000 -ENCABEZADO | |
|---|---|
| Número de control [NR] | 02160nam a2200289 4500 |
| 005 - FECHA Y HORA DE LA ÚLTIMA TRANSACCIÓN | |
| control field | 20180306095532.0 |
| 008 - DE LONGITUD FIJA DE DATOS DE ELEMENTOS - INFORMACIÓN GENERAL | |
| Elementos de longitud fija [NR] | 180306s1875 fr |||fr|||| 001 0 fre d |
| 040 ## - FUENTE DE CATALOGACION [NR] | |
| Agencia de catalogación original [NR] | CO-BoUCM |
| Idioma de catalogación [NR] | spa |
| Quien Cataloga | Sandra Yazo |
| Quien Clasifica | Sandra Yazo |
| 041 1# - CODIGO DE IDIOMA [R] | |
| Código de idioma para texto/pista de sonido o título separado [R] | Francés |
| 082 04 - NUMERO DE CLASIFICACION DECIMAL DEWEY [R] | |
| Número de la edición [NR] | 20 |
| Número de clasificación [R] | 340.56 |
| 092 ## - SIGNATURA TOPOGRAFICA LOCAL | |
| Número de clasificación local | E45N017 |
| 100 1# - ASIENTO PRINCIPAL--NOMBRE PERSONAL [NR] | |
| ID Autoridad | 34209 |
| Nombre personal [NR] | Demóstenes |
| Fechas asociadas con el nombre [NR] | 384-322 a. c. |
| 242 00 - TRADUCCION DEL TITULO POR LA AGENCIA CATALOGADORA [R] | |
| Título [NR] | Discursos civiles de Demóstenes |
| Mención de responsabilidad, etc. [NR] | Explicaciones, notas y traducción al francés de Rodolfo Dareste |
| Código de idioma del título traducido [NR] | spa |
| 245 10 - MENCION DE TITULO [NR] | |
| Título [NR] | Les Plaidoyers civils de Démosthène |
| Mención de responsabilidad, etc. [NR] | Traduits en français, avec arguments et notes par Rodolphue Dareste |
| 260 ## - PUBLICACION, DISTRIBUCION, ETC. (PIE DE IMPRENTA) [R] | |
| Lugar de publicación, distribución, etc. [R] | París (Francia) |
| Nombre del editor, distribuidor, etc. [R] | E. Plon et Cie.[E. Plon y Compañía] |
| Fecha de publicación, distribución, etc. [R] | 1875 |
| 300 ## - DESCRIPCION FISICA [R] | |
| Extensión [R] | 2 volúmenes (xliii, 385 ; 364 páginas) |
| Dimensiones [R] | 19 x 12 cm. |
| 500 ## - NOTA GENERAL [R] | |
| Nota general [NR] | Detalles físicos: Encuadernación rígida en cartón duro forrado en tela texturizada. Lomo y tapa delantera con repujados e impresiones en negro y dorado. Guardas. Hoja de cortesía. Portada impresa en una sola tinta. Marca tipográfica del editor. Texto impreso en una sola columna. Notas de pie de página. Índice. Erratas. Hojas con bordes irregulares y papel con manchas |
| 505 0# - NOTA DE CONTENIDO CON FORMATO PREESTABLECIDO [R] | |
| Nota de contenido con formato preestablecido [NR] | V.1: Introducción ; Discursos contra Áfobos (I, II y III) ; Discursos contra Onetor (I y II) ; Los hijos de Aristecmes contra Nausímaco y Xenófites ; Mantiteo contra Beotos (I y II) ; Contra Spudias ; El hijo de Tisias contra Calicles ; Contra Fénipe ; Contra Apatourios ; Por la corona de los tres poderes ; Ariston contra Conon ; Nicóbulo contra Panteneto ; Demón contra Zenotemis ; Crisipo contra Formión ; Androcles contra Lacrites ; Darío contra Dionisodoro -- V.2: Calístrates contra Olimpiodoro ; Sositeo contra Macartato ; Los hijos de Aristodemo contra Leócares ; Formión contra Apolodoro ; Apolodoro contra varios ; Índice de términos jurídicos que se manejan en las notas |
| 506 ## - NOTA DE RESTRICCIONES DE ACCESO [R] | |
| Condiciones de acceso [NR] | Consulta en sala |
| 546 ## - NOTA DE IDIOMA [R] | |
| Nota de idioma [NR] | Texto en francés |
| 650 #7 - ASIENTO SECUNDARIO DE MATERIA - TERMINO TEMATICO [R] | |
| 9 (RLIN) | 20803 |
| Término temático o nombre geográfico como elemento de entrada [NR] | Oratoria griega |
| 650 #7 - ASIENTO SECUNDARIO DE MATERIA - TERMINO TEMATICO [R] | |
| 9 (RLIN) | 18628 |
| Término temático o nombre geográfico como elemento de entrada [NR] | Literatura clásica |
| 650 #7 - ASIENTO SECUNDARIO DE MATERIA - TERMINO TEMATICO [R] | |
| 9 (RLIN) | 41227 |
| Término temático o nombre geográfico como elemento de entrada [NR] | Derecho civil |
| Subdivisión general [R] | Discursos |
| 690 ## - ASUNTO AGREGADO LOCAL DE ENTRADA - TÉRMINO TEMÁTICO (OCLC, RLIN) | |
| Acceso temático local | Derecho civil |
| 9 (RLIN) | 12711 |
| 700 1# - ASIENTO SECUNDARIO - NOMBRE PERSONAL [R] | |
| Nombre personal [NR] | Dareste, Rodolfo |
| Término de relación [R] | traductor |
| 9 (RLIN) | 91683 |
| 942 ## - ELEMENTOS DE ENTRADA AGREGADOS (KOHA) | |
| Sistema de clasificación | LOCAL |
| Tipo de ítem principal el descrito en 300a | Libro |
| Edición | 1 |
| Clasificación | E45N017 |
| Suprimido | Perdido | Sistema de clasificación | Dañado | No prestable | Tipo de ítem específico | Ubicación habitual | Ubicación actual | Localización | Fecha de creación | Forma de adquisición | Costo | Volúmen / Fascículo | Total préstamos | Signatura topográfica | Código de barras | Última vez visto | Ejemplar | Price effective from | Tipo de ítem |
|---|---|---|---|---|---|---|---|---|---|---|---|---|---|---|---|---|---|---|---|
| LOCAL | Libro archivo | Archivo Histórico | Archivo Histórico | Archivo histórico | 06/03/2018 | Donación | 0.00 | V.1 | E45N017 | L006447 | 06/03/2018 | Ej.1 | 06/03/2018 | Libro | |||||
| LOCAL | Libro archivo | Archivo Histórico | Archivo Histórico | Archivo histórico | 06/03/2018 | Donación | 0.00 | V.2 | E45N017 | L006448 | 06/03/2018 | Ej.1 | 06/03/2018 | Libro |